000 00290nam a22001337a 4500
008 181105b xxu||||| |||| 00| 0 eng d
020 _a9780030934193
041 _aeng
080 _a910
100 _a42
101 _aGJEO
245 _aWorld Geography Today
_cSager,R
942 _2udc
_cBK
999 _c51782
_d51782